| 000 | 00764nam a2200241Ia 4500 | ||
|---|---|---|---|
| 003 | OSt | ||
| 005 | 20220926002549.0 | ||
| 006 | a|||||r|||| 00| 0 | ||
| 007 | ta | ||
| 008 | 220923b |||||||| |||| 00| 0 eng d | ||
| 037 | _cGeneral Book | ||
| 040 |
_aRTL _cRTL _beng |
||
| 041 |
_2eng _aeng |
||
| 082 | _aX9(F131).2.N8, M7.2/SC | ||
| 100 |
_aRadhakrishnan P.N _9306060 |
||
| 245 | 0 |
_aAluminium Industry in India _b Problems and prospects |
|
| 260 |
_a New Delhi _bNational Council of Applied Economic Reasearch _c1987 |
||
| 300 |
_avii,162p Appendices:1-162 P _ccm. |
||
| 490 | _vVol.2 | ||
| 700 |
_a Kalra G.D _9306061 |
||
| 942 |
_hX9(F131).2.N8, M7.2/SC _cGB _2CC |
||
| 999 |
_c605441 _d605441 |
||